000 00694nam a2200241Ia 4500
003 OSt
005 20220923223549.0
006 a|||||r|||| 00| 0
007 ta
008 Pun
024 _a218,871
037 _cTextual
040 _aARTS
_cARTS
_bPun
041 _2Pun
_aPun
082 _aO153:g, N7
100 _aਗਿੰਲ, ਮਹਿੰਦਰ ਕੈਰ
245 0 _aਅਦਬ ਅਤੇ ਅਦੀਬ
260 _aਦਿੱਲੀ
_b ਮਨਪ੍ਰੀਤ ਪ੍ਰਕਾFਨ
_c1997
300 _a127ਪੰ
_ccm.
650 _aਪੰਜਾਬੀ ਸਾਹਿਤ
942 _hO153:g, N7
_cTEXL
_2CC
999 _c366205
_d366205